| 000 | 00553nam a22002057a 4500 | ||
|---|---|---|---|
| 005 | 20151222041955.0 | ||
| 008 | 150519b xxu||||| |||| 00| 0 eng d | ||
| 020 | _a9780073530499 | ||
| 020 | _a0073530492 | ||
| 041 | 0 | _aeng | |
| 080 | _2336 | ||
| 100 | _aGerhart, Milkovich | ||
| 245 | 0 | 0 |
_aCompensation / _cGeorge T. Milkovich, Jerry M. Newman, Barry Gerhart. |
| 250 | _a10th ed. | ||
| 260 |
_aNew York : _bMcGraw-Hill Irwin, _cc2011. |
||
| 300 |
_axviii, 689 f. : _bme il.; _c24 cm. |
||
| 650 | 0 | _2Kompenzimi | |
| 700 | _aMil, G | ||
| 942 |
_2udc _cBK |
||
| 999 |
_c816 _d816 |
||